Biggest Cities by North/South Divide on the Map - Statistics

General Stats
  • This quiz has been taken 138 times
  • The average score is 44 of 60
Answers on the Map
Answers color-coded by a green-red scale on the quiz's map according to % correct below.
 
Answer Stats
Pop City % Correct
3.1 m Milan
96%
4.3 m Rome
96%
16.3 m Delhi
94%
10.6 m London
94%
19.9 m New York City
94%
20.0 m Beijing
93%
4.8 m Boston
93%
2.7 m Manchester
93%
6.1 m Miami
93%
3.1 m Naples
93%
10.7 m Paris
93%
6.0 m Philadelphia
92%
29.5 m Shanghai
92%
898 k Liverpool
91%
7.5 m Dallas
90%
6.9 m Houston
89%
1.5 m Marseille
88%
6.2 m Washington DC
88%
1.6 m Lyon
87%
5.9 m Atlanta
86%
2.2 m Turin
86%
14.0 m Kolkata
85%
1.3 m Palermo
85%
1.0 m Florence
84%
45.6 m Guangzhou/Shenzhen
83%
942 k Nice
83%
927 k Bordeaux
79%
8.5 m Bengaluru
78%
1.8 m Leeds
78%
800 k Newcastle upon Tyne
78%
8.7 m Wuhan
78%
2.3 m Pittsburgh
77%
8.6 m Chennai
76%
7.6 m Hyderabad
74%
668 k Bristol
73%
1.2 m Bari
71%
1.0 m Lille
71%
467 k Strasbourg
71%
968 k Toulouse
70%
12.7 m Tianjin
69%
1.0 m Bologna
68%
650 k Nantes
68%
900 k Southampton
68%
6.7 m Xi'an
68%
719 k Sheffield
66%
6.3 m Ahmedabad
64%
9.3 m Chengdu
64%
1.6 m Providence
63%
9.8 m Xiamen
58%
500 k Brighton and Hove
55%
5.9 m Qingdao
52%
3.0 m Jaipur
47%
1.1 m Catania
46%
7.8 m Shenyang
46%
4.5 m Surat
43%
647 k Messina
42%
485 k Bournemouth
40%
468 k Rouen
37%
2.1 m Kochi
31%
2.1 m Coimbatore
22%
No matching quizzes found
Score Distribution
Percent of People with Each Score
Percentile by Number Answered
Your Score History
You have not taken this quiz